Linia 139 Kraków - Statystyki

Ogólne statystyki
  • Ten quiz został rozwiązany 7 razy
    6 od ostatniego zresetowania
  • Średni wynik to 22 z 36
Statystyki odpowiedzi
Hint Odpowiedź % Poprawnych
1 Kombinat
83%
14 Mistrzejowice
83%
18 Park Wodny
83%
4 Aleja Róż
67%
7 Arka
67%
28 Cmentarz Rakowicki Zachód
67%
32 Czarnowiejska
67%
24 Dobrego Pasterza
67%
10 Dunikowskiego
67%
15 Kurzei
67%
23 Majora
67%
13 Miśnieńska
67%
29 Nowy Kleparz
67%
8 Os. Jagiellońskie
67%
17 Os. Oświecenia
67%
12 Os. Złotego Wieku
67%
31 Plac Inwalidów
67%
36 Przybyszewskiego
67%
30 Radio Kraków
67%
20 Rondo Barei
67%
9 Rondo Hipokratesa
67%
11 Rondo Piastowskie
67%
19 Słoneckiego
67%
3 Struga
67%
6 Teatr Ludowy
67%
5 Żeromskiego
67%
27 Biskupa Prandoty
50%
34 Kawiory
50%
16 Marchołta
50%
35 Miasteczko Studenckie AGH
50%
25 Opolska Estakada
50%
22 Promienistych
50%
21 Bitschana
33%
33 Chopina
33%
2 Zalew Nowohucki
33%
26 UR al. 29 listopada
17%
Nie znaleziono quizów pasujących do podanych kryteriów
Rozkład punktacji
Procent ludzi z każdym wynikiem
Percentyl według liczby udzielonych odpowiedzi
Twoja historia wyników
Nie rozwiązałeś tego quizu od ostatniego zresetowania